Khâm định Đại Nam hội điển sự lệ T.3 Quyển 18 - quyển 35

Gespeichert in:
Bibliographische Detailangaben
Format: Buch
Sprache:Vietnamese
Veröffentlicht: Huế Thuận Hóa 1993
Schlagworte:
Tags: Tag hinzufügen
Keine Tags, Fügen Sie den ersten Tag hinzu!
Thư viện lưu trữ: Mạng thư viện Đại học Đà Nẵng
LEADER 01081nam a2200313 4500
001 000013824
003 10169
005 20120323090319.0
008 120323s1993 viesd
041 0 |a vie 
082 |a 959.7029  |b VIE 
245 1 0 |a Khâm định Đại Nam hội điển sự lệ  |n T.3  |p Quyển 18 - quyển 35 
260 |a Huế  |b Thuận Hóa  |c 1993 
300 |a 418 tr.  |c 19 cm 
500 |a Viện sử học - Viện khoa học xã hội Việt Nam 
653 |a Khâm định 
653 |a Đại Nam 
773 |t Khâm định Đại Nam hội điển sự lệ  |w 10166 
910 |a duyên 
OWN |a LSP 
AVA |a UDN50  |b LSP  |d 959.7029 VIE  |e available  |t Error 5001 Not defined in file expand_doc_bib_avail.  |f 1  |g 0  |h N  |i 0  |k 1 
999 |a From the UDN01 
AVA |a UDN50  |b LSP  |d 959.7029 VIE  |e available  |t Error 5001 Not defined in file expand_doc_bib_avail.  |f 1  |g 0  |h N  |i 0  |k 1 
TYP |a Monograph 
TYP |a Printed language 
980 |a Mạng thư viện Đại học Đà Nẵng